书目信息 |
| 题名: |
感动西城
|
|
| 作者: | 西城区文联 编 | |
| 分册: | ||
| 出版信息: | 团结出版社 2007.11 |
|
| 页数: | 410页 | |
| 开本: | 22cm | |
| 丛书名: | ||
| 单 册: | ||
| 中图分类: | K820.813 | |
| 科图分类: | ||
| 主题词: | 人物--传记--中国 | |
| 电子资源: | ||
| ISBN: | 978-7-80214-331-9 | |
| 000 | 00569nam0 2200205 45 | |
| 001 | 0938692569 | |
| 005 | 20091026104558.63 | |
| 010 | @a978-7-80214-331-9@dCNY46.00 | |
| 100 | @a20090515d2007 ekmy0 y0120 ea | |
| 102 | @aCN@b130000 | |
| 105 | @ay z 000yy | |
| 200 | 1 | @a感动西城@f西城区文联编@Fxi cheng qu wen lian bian |
| 210 | @c团结出版社@d2007.11 | |
| 215 | @a410页@d22cm | |
| 606 | 0 | @a人物@x传记@x中国 |
| 690 | @aK820.813@v4 | |
| 701 | 0 | @a西城区文联@Axi cheng qu wen lian@4编 |
| 801 | 0 | @aCN@c20091026 |
| 905 | @a10447@dK820.813@eF920 | |
| 906 | @d46@n3@r1 | |
| 感动西城/西城区文联编.-团结出版社,2007.11 |
| 410页;22cm |
| ISBN 978-7-80214-331-9:CNY46.00 |
| ● |
| 相关链接 |
|
|
|
正题名:感动西城
索取号:K820.813/F920
 
预约/预借
| 序号 | 登录号 | 条形码 | 馆藏地/架位号 | 状态 | 备注 |
| 1 | 893525 | 208935250 | 社科库309/309社科库 45排4列2层/ [索取号:K820.813/F920] | 在馆 | |
| 2 | 893526 | 208935269 | 社科库309/309社科库 45排4列2层/ [索取号:K820.813/F920] | 在馆 | |
| 3 | 893527 | 208935278 | 社科库309/309社科库 45排4列2层/ [索取号:K820.813/F920] | 在馆 |